01006 2200337 4500001002100000005001500021035002000036007000300056008004100059020002200100040002200122082001500144084001500159090001800174245010700192300004200299650002100341850001200362504003100374264003700405336002100442337003000463338002300493710003200516990002000548990002000568990002000588990002000608990002000628990002000648INLIS00000000087479620221017080720 a0010-1022000239ta221014s2018 jtia g ind d a978-602-317-141-5 aYOPDYOGbinderda04223a639.31 a639.31 BUD aPK 639.31 BUD10aBudi daya ikan kolam terpal, kiat suses budidaya ikan konsumsi dengan kolam terpal /cTim Agro Mandiri a80 halaman, :bgambar, tabel ;c21 cm 4aIkan--xBudidaya aYOPDYOG aBibliografi: halaman 79-8031aSurakarta :bVisi Mandiri,c2018 2rdacontentateks 2rdamediaatanpa perantara 2rdacarrieravolume2 aTim Agro Mandiriepengarang a69577-PD/A.2022 a69578-PD/A 2022 a69578-PD/A.2022 a69577-PD/A.2022 a69577-PD/A.2022 a69578-PD/A.2022